[Event "17th Prague Open 2018"]
[Site "Prague"]
[Date "2018.01.13"]
[Round "2"]
[White "Low, Zhen Yu Cyrus"]
[Black "Utiatskaja, Irina"]
[Result "1-0"]
[WhiteElo "2437"]
[BlackElo "2164"]
[PlyCount "104"]
[EventDate "2018.??.??"]
[EventType "swiss"]
[EventCountry "CZE"]
[SourceTitle "playchess.com"]
[Source "ChessBase"]
[SourceQuality "1"]

1. e4 c5 2. Nf3 d6 3. d4 cxd4 4. Nxd4 Nf6 5. Nc3 a6 6. Be2 e6 7. g4 h6 8. h4 g6
9. Be3 Nbd7 10. Qd2 b5 11. a3 Bb7 12. f3 d5 13. exd5 Nxd5 14. Nxd5 Bxd5 15.
O-O-O Qc7 16. Rhe1 Qb7 17. Nb3 Bg7 18. Bd4 Bxd4 19. Qxd4 O-O-O 20. Rd3 Bxb3 21.
Rxb3 Nb6 22. Rc3+ Kb8 23. Qe5+ Ka8 24. Rc7 Qd5 25. Qxd5+ Nxd5 26. Rxf7 g5 27.
hxg5 hxg5 28. Bd3 Rd6 29. Rg7 Rh3 30. Be4 Kb8 31. Rd1 Rh2 32. Rxg5 Rc6 33. c3
Rc4 34. Bxd5 exd5 35. Rgxd5 Rf4 36. Rf5 Rxf5 37. gxf5 Rh5 38. Kd2 Rxf5 39. Ke3
Kc7 40. f4 Kc6 41. Ke4 Rf8 42. f5 Kc5 43. Rd2 Kc4 44. Ke5 Re8+ 45. Kf4 Rf8 46.
Kg5 Rg8+ 47. Kh6 Rg1 48. f6 Rh1+ 49. Kg7 Rg1+ 50. Kf8 Rf1 51. f7 a5 52. Rg2 Kd5
1-0

[Event "17th Prague Open 2018"]
[Site "Prague"]
[Date "2018.01.13"]
[Round "3"]
[White "Michalczak, Thomas"]
[Black "Moehn, Hans"]
[Result "1/2-1/2"]
[WhiteElo "2208"]
[BlackElo "2378"]
[PlyCount "138"]
[EventDate "2018.??.??"]
[EventType "swiss"]
[EventCountry "CZE"]
[SourceTitle "playchess.com"]
[Source "ChessBase"]
[SourceQuality "1"]

1. e4 c6 2. d4 d5 3. e5 Bf5 4. g4 Be4 5. f3 Bg6 6. Ne2 e6 7. h4 h5 8. Nf4 Bh7
9. Nxh5 Bg6 10. Nf4 Rxh4 11. Bh3 Ne7 12. Nc3 c5 13. dxc5 Nbc6 14. Kf2 Nxe5 15.
Kg3 N7c6 16. Ng2 Rh8 17. f4 d4 18. Nb5 a6 19. Nd6+ Bxd6 20. cxd6 Nc4 21. Qe2
Nxd6 22. f5 Nxf5+ 23. gxf5 Bxf5 24. Bf4 Bxh3 25. Rxh3 Rxh3+ 26. Kxh3 Qf6 27.
Kg3 O-O-O 28. Rf1 Rd5 29. Rf3 Rf5 30. c3 e5 31. Bd2 Rxf3+ 32. Qxf3 Qxf3+ 33.
Kxf3 dxc3 34. Bxc3 Kd7 35. Ne3 Ke6 36. Kg4 b5 37. a3 Ne7 38. Bb4 Ng8 39. Kg5
Nf6 40. Nf5 Ne4+ 41. Kg4 g6 42. Ng7+ Kd5 43. Ne8 f5+ 44. Kf3 g5 45. Nc7+ Kc4
46. Nxa6 g4+ 47. Ke3 Ng5 48. Nc5 f4+ 49. Kf2 e4 50. Nd7 e3+ 51. Kf1 g3 52. Ne5+
Kd4 53. Bc3+ Ke4 54. Kg2 e2 55. b3 Ke3 56. Be1 f3+ 57. Kxg3 Ne4+ 58. Kh2 f2 59.
Ng4+ Kf3 60. Nxf2 Nxf2 61. a4 Nd3 62. Bd2 bxa4 63. bxa4 Nc5 64. a5 Kf2 65. Kh3
Ne4 66. Bb4 Ke3 67. Kg2 Nd2 68. Bc5+ Ke4 69. Kf2 Ke5 1/2-1/2

[Event "17th Prague Open 2018"]
[Site "Prague"]
[Date "2018.01.15"]
[Round "5"]
[White "Kiriakov, Petr"]
[Black "Mihajlov, Sebastian"]
[Result "1/2-1/2"]
[WhiteElo "2528"]
[BlackElo "2371"]
[PlyCount "88"]
[EventDate "2018.??.??"]
[EventType "swiss"]
[EventCountry "CZE"]
[SourceTitle "playchess.com"]
[Source "ChessBase"]
[SourceQuality "1"]

1. d4 d5 2. c4 c6 3. Nc3 Nf6 4. e3 e6 5. Bd3 Nbd7 6. a3 dxc4 7. Bxc4 b5 8. Be2
Bb7 9. Bf3 Qb6 10. b4 a5 11. Rb1 axb4 12. axb4 Bd6 13. Bd2 O-O 14. Nge2 e5 15.
Qc2 Rfe8 16. O-O g6 17. Rfd1 exd4 18. exd4 Qc7 19. Ng3 Rac8 20. Kh1 Nb6 21.
Nge4 Be7 22. Qc1 Nfd5 23. Nc5 Bf6 24. Bxd5 Nxd5 25. Nxd5 cxd5 26. Bg5 Bg7 27.
Bh6 Bxh6 28. Qxh6 Re2 29. Rd2 Rce8 30. Rxe2 Rxe2 31. Qh4 Bc8 32. Kg1 Bf5 33.
Rc1 Qa7 34. g4 Qa3 35. Rd1 Be6 36. Kf1 Qa2 37. Rd3 Qc2 38. Kg2 Re1 39. Rf3 Qe2
40. Qd8+ Kg7 41. Qf6+ Kg8 42. Qd8+ Kg7 43. Qf6+ Kg8 44. h3 h6 1/2-1/2

[Event "17th Prague Open 2018"]
[Site "Prague"]
[Date "2018.01.15"]
[Round "5"]
[White "Lee, Jun Hyeok"]
[Black "Lalic, Bogdan"]
[Result "1/2-1/2"]
[WhiteElo "2305"]
[BlackElo "2415"]
[PlyCount "104"]
[EventDate "2018.??.??"]
[EventType "swiss"]
[EventCountry "CZE"]
[SourceTitle "playchess.com"]
[Source "ChessBase"]
[SourceQuality "1"]

1. Nf3 Nf6 2. d4 e6 3. Bg5 c5 4. e3 d5 5. Nbd2 Be7 6. c3 Nbd7 7. Bd3 b6 8. Ne5
Nxe5 9. dxe5 Nd7 10. Bxe7 Qxe7 11. f4 Bb7 12. O-O f6 13. exf6 gxf6 14. Qh5+ Qf7
15. Qxf7+ Kxf7 16. e4 Rad8 17. Rae1 dxe4 18. Nxe4 Nf8 19. Bc4 Bxe4 20. Rxe4 f5
21. Re5 Kf6 22. Rfe1 Rd6 23. g3 Rg8 24. Kf2 Rg7 25. Kf3 Re7 26. h3 h5 27. g4
hxg4+ 28. hxg4 fxg4+ 29. Kxg4 Rd2 30. Kf3 Rxb2 31. f5 Rb1 32. R1e3 Rh1 33. Kg2
Rh5 34. Bxe6 Nxe6 35. Rxe6+ Rxe6 36. fxe6 Ke7 37. c4 Rh4 38. Ra3 Rxc4 39. Rxa7+
Kxe6 40. Kf3 b5 41. Rb7 b4 42. Ke3 Kd5 43. Kd2 Rc3 44. Ra7 Kc4 45. Ra5 Kd4 46.
Ra8 Rh3 47. Kc2 Rh2+ 48. Kb3 c4+ 49. Kxb4 Rb2+ 50. Ka3 c3 51. Rh8 Re2 52. Kb3
Ke5 1/2-1/2

[Event "17th Prague Open 2018"]
[Site "Prague"]
[Date "2018.01.15"]
[Round "5"]
[White "Utiatskaja, Irina"]
[Black "Moehn, Hans"]
[Result "1-0"]
[WhiteElo "2164"]
[BlackElo "2378"]
[PlyCount "142"]
[EventDate "2018.??.??"]
[EventType "swiss"]
[EventCountry "CZE"]
[SourceTitle "playchess.com"]
[Source "ChessBase"]
[SourceQuality "1"]

1. d4 Nf6 2. c4 g6 3. Nc3 Bg7 4. e4 d6 5. Nf3 O-O 6. Be2 e5 7. d5 Nbd7 8. Be3
Ng4 9. Bd2 f5 10. exf5 gxf5 11. Ng5 Nc5 12. b4 h6 13. bxc5 hxg5 14. Bxg4 fxg4
15. Ne4 Rf4 16. Qe2 Bf5 17. Ng3 Bg6 18. O-O Rd4 19. Rfc1 Bd3 20. Qe1 dxc5 21.
Bc3 Rxc4 22. Qe3 Bg6 23. Bxe5 Rxc1+ 24. Rxc1 Qe7 25. Bxg7 Qxe3 26. fxe3 Kxg7
27. Rxc5 Rc8 28. d6 c6 29. Rxg5 Rd8 30. Rxg4 Kf7 31. Ne4 b6 32. Rf4+ Kg7 33. h4
a5 34. g4 Bxe4 35. Rxe4 Rxd6 36. Re7+ Kf6 37. Rh7 Kg6 38. Rc7 b5 39. Kf2 b4 40.
h5+ Kg5 41. Kg3 Re6 42. Rg7+ Kh6 43. Ra7 Rxe3+ 44. Kh4 Re5 45. Rc7 Re4 46.
Rxc6+ Kg7 47. Ra6 Re5 48. h6+ Kh7 49. g5 Re1 50. Rxa5 Rh1+ 51. Kg4 Rg1+ 52. Kf4
Rf1+ 53. Ke4 Kg6 54. Ra8 Re1+ 55. Kd4 Rb1 56. Rg8+ Kh7 57. Rg7+ Kh8 58. Re7 Rg1
59. Re5 Kh7 60. Kc4 Rb1 61. Rb5 Kg6 62. Rxb4 Ra1 63. Rb2 Rg1 64. Rb5 Rg4+ 65.
Kb3 Rg3+ 66. Ka4 Rg2 67. a3 Rg3 68. Kb4 Rg4+ 69. Ka5 Rg3 70. a4 Rg4 71. Rc5 Rg3
1-0

[Event "17th Prague Open 2018"]
[Site "Prague"]
[Date "2018.01.16"]
[Round "6"]
[White "Jurcik, Marian"]
[Black "Stefansson, Hannes"]
[Result "1/2-1/2"]
[WhiteElo "2460"]
[BlackElo "2523"]
[PlyCount "31"]
[EventDate "2018.??.??"]
[EventType "swiss"]
[EventCountry "CZE"]
[SourceTitle "playchess.com"]
[Source "ChessBase"]
[SourceQuality "1"]

1. e4 c5 2. Nf3 e6 3. d4 cxd4 4. Nxd4 Nc6 5. Nb5 d6 6. c4 Nf6 7. N1c3 a6 8. Nd4
d5 9. exd5 exd5 10. cxd5 Nxd5 11. Nxc6 bxc6 12. Be2 Bb4 13. O-O O-O 14. Ne4 Bf5
15. Ng3 Bg6 16. Qa4 1/2-1/2

[Event "17th Prague Open 2018"]
[Site "Prague"]
[Date "2018.01.16"]
[Round "6"]
[White "Low, Zhen Yu Cyrus"]
[Black "Lee, Jun Hyeok"]
[Result "1-0"]
[WhiteElo "2437"]
[BlackElo "2305"]
[PlyCount "140"]
[EventDate "2018.??.??"]
[EventType "swiss"]
[EventCountry "CZE"]
[SourceTitle "playchess.com"]
[Source "ChessBase"]
[SourceQuality "1"]

1. e4 e5 2. Nf3 Nc6 3. Bc4 Nf6 4. Ng5 d5 5. exd5 Na5 6. Bb5+ c6 7. dxc6 bxc6 8.
Bd3 Nd5 9. Nf3 Bd6 10. O-O Nf4 11. Re1 Nxd3 12. cxd3 O-O 13. Nc3 Re8 14. Ne4
Bc7 15. b4 Nb7 16. Bb2 Qxd3 17. Rc1 Bd7 18. Nfg5 Qd5 19. Qc2 f5 20. Nc3 Qc4 21.
d3 Qxb4 22. Nd5 cxd5 23. Qxc7 Rad8 24. Bxe5 Qb6 25. Nf3 Re7 26. Qxb6 axb6 27.
Bc7 Rxe1+ 28. Rxe1 Rc8 29. Bxb6 Bb5 30. Ne5 Nd6 31. h4 Ra8 32. Rb1 Ba6 33. Rb3
Nf7 34. Nc6 Kf8 35. Bc5+ Ke8 36. Ne7 Ne5 37. d4 Bc4 38. dxe5 Bxb3 39. axb3 d4
40. Nxf5 d3 41. Be3 Ra1+ 42. Kh2 Kf7 43. Nd6+ Ke6 44. Nc4 Rb1 45. Nd2 Rd1 46.
Bf4 Kf5 47. Kg3 Rh1 48. b4 Rc1 49. Kf3 Rc2 50. g4+ Ke6 51. Ke4 Rb2 52. Kxd3
Rxb4 53. Ke3 Kd5 54. f3 Ra4 55. Ne4 Ra3+ 56. Kf2 h6 57. h5 Ke6 58. Kg3 Ra1 59.
Nd6 Rg1+ 60. Kf2 Ra1 61. Nf5 Ra7 62. Kg3 Rd7 63. Bc1 Ra7 64. Bb2 Rb7 65. Ba3
Rf7 66. Bb4 Kxe5 67. Bc3+ Ke6 68. Bxg7 Rb7 69. Bxh6 Kf6 70. Bg7+ Ke6 1-0

[Event "17th Prague Open 2018"]
[Site "Prague"]
[Date "2018.01.16"]
[Round "6"]
[White "Mihajlov, Sebastian"]
[Black "Michalczak, Thomas"]
[Result "1/2-1/2"]
[WhiteElo "2371"]
[BlackElo "2208"]
[PlyCount "68"]
[EventDate "2018.??.??"]
[EventType "swiss"]
[EventCountry "CZE"]
[SourceTitle "playchess.com"]
[Source "ChessBase"]
[SourceQuality "1"]

1. d4 Nf6 2. c4 g6 3. Nc3 Bg7 4. e4 d6 5. Nf3 O-O 6. h3 Nc6 7. Be3 e5 8. d5 Nd4
9. Nxd4 exd4 10. Bxd4 Nxe4 11. Bxg7 Re8 12. Be2 Kxg7 13. Qd4+ Qf6 14. Qxf6+
Kxf6 15. Nxe4+ Rxe4 16. Kd2 Bd7 17. Bd3 Re7 18. Rae1 Rae8 19. Rxe7 Rxe7 20. f4
h5 21. h4 Bf5 22. Be2 Re4 23. g3 Rd4+ 24. Kc3 Re4 25. Kd2 Rd4+ 26. Ke3 Re4+ 27.
Kf2 Rd4 28. Rd1 Rxd1 29. Bxd1 Bd3 30. b3 Kf5 31. Ke3 Bb1 32. a3 a5 33. b4 axb4
34. axb4 b6 1/2-1/2

[Event "17th Prague Open 2018"]
[Site "Prague"]
[Date "2018.01.17"]
[Round "7"]
[White "Kiriakov, Petr"]
[Black "Liu, Yi"]
[Result "1/2-1/2"]
[WhiteElo "2528"]
[BlackElo "2337"]
[PlyCount "89"]
[EventDate "2018.??.??"]
[EventType "swiss"]
[EventCountry "CZE"]
[SourceTitle "playchess.com"]
[Source "ChessBase"]
[SourceQuality "1"]

1. d4 d5 2. c4 e6 3. Nc3 Nf6 4. cxd5 exd5 5. Bg5 Nbd7 6. e3 Be7 7. Bd3 c6 8.
Qc2 h6 9. Bh4 Nh5 10. Bxe7 Qxe7 11. O-O-O Nb6 12. Kb1 Nf6 13. h3 Be6 14. Nf3
O-O-O 15. Rc1 Kb8 16. Ka1 Rc8 17. Na4 Nxa4 18. Qxa4 Nd7 19. Rc3 Nb6 20. Qa5 Rc7
21. Ne5 Re8 22. Ra3 Nc8 23. Rc1 f6 24. Ng6 Qd7 25. g4 h5 26. gxh5 Bxh3 27. Nf4
Bg4 28. Bg6 Rh8 29. Rb3 Nb6 30. Ra3 Nc8 31. Rb3 Nb6 32. Nd3 Nc4 33. Qb4 Qc8 34.
Nf4 Bf5 35. Bxf5 Qxf5 36. Qe1 Re8 37. Qg1 Nd2 38. Rbc3 Ne4 39. R3c2 Ng5 40. b4
Ne6 41. Qg6 Qxg6 42. Nxg6 Nf8 43. Nf4 Ne6 44. Ng6 Nf8 45. b5 1/2-1/2

[Event "17th Prague Open 2018"]
[Site "Prague"]
[Date "2018.01.17"]
[Round "7"]
[White "Luukkonen, Tommi"]
[Black "Pena Gomez, Manuel"]
[Result "0-1"]
[WhiteElo "2331"]
[BlackElo "2491"]
[PlyCount "154"]
[EventDate "2018.??.??"]
[EventType "swiss"]
[EventCountry "CZE"]
[SourceTitle "playchess.com"]
[Source "ChessBase"]
[SourceQuality "1"]

1. d4 Nf6 2. c4 g6 3. f3 Bg7 4. e4 d6 5. Ne2 O-O 6. Nec3 Nbd7 7. Bg5 e5 8. d5
a5 9. Nb5 Nc5 10. N1c3 h6 11. Bh4 Qd7 12. Qd2 Ne8 13. Be2 c6 14. Na3 Qc7 15. g4
a4 16. Rg1 Kh7 17. O-O-O Qa5 18. Kb1 Ra6 19. Be7 Rg8 20. Qc2 g5 21. h4 Qc7 22.
Bxg5 hxg5 23. hxg5 Bh8 24. f4 Rg6 25. Bf3 Kg8 26. Rh1 exf4 27. Rxh8+ Kxh8 28.
e5 dxe5 29. Qf2 Qb6 30. Nc2 Kg8 31. Qh4 Ra8 32. Be4 Rg7 33. Bf5 Qd8 34. Rh1 Kf8
35. Qh8+ Ke7 36. Rd1 Bxf5 37. gxf5 Rxg5 38. Qxe5+ Kf8 39. dxc6 Qf6 40. Qxc5+
Qe7 41. Qd4 bxc6 42. Ne4 Rh5 43. f6 Qe5 44. Qxe5 Rxe5 45. Rh1 Kg8 46. Rg1+ Kh7
47. Ng5+ Kg6 48. Nf3+ Kxf6 49. Nxe5 Kxe5 50. Re1+ Kf6 51. Nd4 Nd6 52. c5 Nb7
53. Rf1 Nxc5 54. Rxf4+ Ke5 55. Rh4 Kd5 56. Nc2 Ne6 57. Ne3+ Kd6 58. Nc4+ Kc5
59. Kc2 f5 60. Kc3 Rg8 61. Na3 Rg3+ 62. Kd2 Nd4 63. Rf4 Kd5 64. Nb1 Rg2+ 65.
Kd3 c5 66. Nc3+ Ke5 67. Rh4 f4 68. Rh5+ Nf5 69. Nxa4 f3 70. Nxc5 Rxb2 71. Ne4
Kf4 72. Nd2 f2 73. Rh1 Ng3 74. Ra1 Rb8 75. Rd1 Ra8 76. Ra1 Rd8+ 77. Kc3 Ke5 0-1

[Event "17th Prague Open 2018"]
[Site "Prague"]
[Date "2018.01.18"]
[Round "8"]
[White "Mishuchkov, Nikolai M"]
[Black "Chernyshov, Konstantin"]
[Result "1/2-1/2"]
[WhiteElo "2303"]
[BlackElo "2480"]
[PlyCount "50"]
[EventDate "2018.??.??"]
[EventType "swiss"]
[EventCountry "CZE"]
[SourceTitle "playchess.com"]
[Source "ChessBase"]
[SourceQuality "1"]

1. Nf3 Nf6 2. d4 e6 3. e3 b6 4. Bd3 Bb7 5. O-O d5 6. c4 Bd6 7. cxd5 exd5 8. b4
O-O 9. Qb3 Nc6 10. a3 a5 11. b5 Ne7 12. a4 Bc8 13. Nc3 Bf5 14. Bxf5 Nxf5 15.
Ba3 Re8 16. Bxd6 Qxd6 17. Ne5 h5 18. Rfd1 g6 19. h3 Kg7 20. Ne2 h4 21. Rac1 Ne7
22. Nc6 Nf5 23. Ne5 Ne7 24. Nc6 Nf5 25. Qc2 Rec8 1/2-1/2